| 000 | 00944nam a2200277 a 4500 | ||
|---|---|---|---|
| 001 | 77172 | ||
| 003 | BD-RjUL | ||
| 005 | 20211209082932.0 | ||
| 008 | 200227s1964 bg b 000 0 eng | ||
| 035 | _a(BD-RjUL)77396 | ||
| 035 | _a(OCoLC)5760126 | ||
| 040 |
_aDLC _cOAkU _dDLC _dBD-RjUL _beng |
||
| 041 | _aeng | ||
| 042 | _apremarc | ||
| 082 |
_a828 _bHUK 1964 |
||
| 100 | 1 |
_aHusain, Syed Sajjad. _9240074 |
|
| 245 | 1 | 0 |
_aKipling and India : _ban inquiry into the nature and extent of Kipling's knowledge of the Indian sub-continent / _cSyed Sajjad Husain; University of Dacca |
| 260 |
_a[Dacca] East Pakistan: _bUniversity of Dacca, _c1964. |
||
| 300 |
_aii, 181 p.; _c25 cm. |
||
| 500 | _aThesis, with minor changes, University of Nottingham. | ||
| 504 | _aBibliography: p. [167]-174. | ||
| 600 | 1 | 0 |
_aKipling, Rudyard, _d1865-1936 _xKnowledge _zIndia. _9240076 |
| 942 |
_2ddc _cBK |
||
| 999 |
_c77172 _d77172 |
||